000 00691nam a2200181 a 4500
008 120416s1971 ||||||||||||||||| || u
050 _aQA 807 Mac
100 _aMcInnis, Bayliss C
245 1 0 _aMechanics
260 _aEnglewood Cliffs, N.J.
_bFT Prentice-Hall
_c1971
300 _a2v. : ill.
350 _a0.00
650 0 _aPHYSICS
650 _aMECHANICS
700 _aWebb,George R
995 _aBINDERY (DAMAGED)
_D0.00
_e716085
_FCBU-MAIN LIBRARY (Kitwe)
_H2
_I0.00
_jQA 807 Mac
_M2
_UDAMAGED
_y012704
_ZMain Library Open Access Collection
995 _aBINDERY (DAMAGED)
_D0.00
_e716018
_FCBU-MAIN LIBRARY (Kitwe)
_H1
_I0.00
_jQA 807 Mac
_M1
_UDAMAGED
_y012703
_ZMain Library Open Access Collection
999 _c82828
_d82828